Équipes - Euro 1980 - Statistiques

Statistiques générales
  • Ce quiz a été pris 23 fois
  • Le résultat moyen est 7 sur 8
Statistiques - réponses
Squadra % Correct
Allemagne de l'Ouest
96%
Angleterre
96%
Espagne
96%
Italie
96%
Belgique
83%
Pays-Bas
83%
Tchécoslovaquie
83%
Grèce
61%
Aucun quiz correspondant
Distribution des résultats
% des personnes avec chaque résultat
Percentile par nombre de réponses
Votre historique - résultats
Vous n’avez pas pris ce quiz